| 000 | 00627nam a2200205Ia 4500 | ||
|---|---|---|---|
| 003 | IN-BaIIA | ||
| 008 | 211028s9999 xx 000 0 eng d | ||
| 020 | _a0-521-38261-0 | ||
| 040 | _cIIA Library | ||
| 080 |
_a523.9 _bMAR |
||
| 100 |
_aMariska, J. T _922110 |
||
| 245 | 4 |
_aThe solar transition region _cJ. T. Mariska |
|
| 260 |
_aCambridge _bCambridge University Press _c1992 |
||
| 300 | _axiv, 276p. | ||
| 490 | _aCambridge astrophysics series; 23 | ||
| 650 |
_aAstronomical spectroscopy _91729 |
||
| 650 |
_aSolar atmosphere _94799 |
||
| 650 |
_aSun _91200 |
||
| 942 | _cBK | ||
| 999 |
_c12619 _d12619 |
||